Le français, langue du monde / (Record no. 14165)

000 -LEADER
fixed length control field 00590cam a22001814a 4500
020 ## - INTERNATIONAL STANDARD BOOK NUMBER
ISBN 2747543285
040 ## - CATALOGING SOURCE
Transcribing agency DLC
082 00 - DEWEY DECIMAL CLASSIFICATION NUMBER
Classification number 440 HAR 2003 A023 Or.
245 03 - TITLE STATEMENT
Title Le français, langue du monde /
260 ## - PUBLICATION, DISTRIBUTION, ETC. (IMPRINT)
Place of publication Paris :
Name of publisher Harmattan,
Year of publication c2003.
300 ## - PHYSICAL DESCRIPTION
Number of Pages viii, 269 p. ;
Dimensions 24 cm.
500 ## - GENERAL NOTE
General note Proceedings of a meeting organized by the Organisation internationale de la francophonie in Brussels in 2002.
650 #0 - SUBJECT ADDED ENTRY--TOPICAL TERM
Topical Term French language
650 #0 - SUBJECT ADDED ENTRY--TOPICAL TERM
Topical Term Communication, International
700 1# - ADDED ENTRY--PERSONAL NAME
Personal name Attali, Jacques.
710 2# - ADDED ENTRY--CORPORATE NAME
Corporate name or jurisdiction name as entry element Organisation internationale de la francophonie.
942 ## - ADDED ENTRY ELEMENTS (KOHA)
Koha item type សៀវភៅភាសាអង់គ្លេស
952 ## - LOCATION AND ITEM INFORMATION (KOHA)
Withdrawn status [LOCAL, KOHA] 0
Holdings
Permanent Location Date acquired Koha item type Lost status Shelving location Barcode Current Location Full call number
Library Block A2017-10-09សៀវភៅភាសាអង់គ្លេស A024A22173Library Block A440 HAR 2003 A024 Or.
មជ្ឈមណ្ឌលឯការនៃសាកលវិទ្យាល័យភូមិន្ទកសិកម្មចំការដូង

Powered by Koha